| 000 | 01457nam a2200325 a 4500 | ||
|---|---|---|---|
| 001 | |||
| 003 | DO-SdBNP | ||
| 005 | 20221108122418.0 | ||
| 007 | 000014795 | ||
| 008 | 100122s2008 dr b 000 0 spa d | ||
| 020 | _a9789945458008 | ||
| 040 |
_aBPMSU _bspa _cBPMSU |
||
| 082 |
_a327.101 _bR457n 2008 _222 |
||
| 092 |
_a _b |
||
| 100 | 1 |
_aReyes Sánchez, Miguel _d1966- |
|
| 245 | 1 | 4 |
_aLas nuevas fichas del tablero internacional / _cMiguel Reyes Sánchez ; presentación Arelis Peña Brito ; Prólogo Miguel Antonio Rodríguez Cabrer. |
| 260 |
_aSanto Domingo : _bSenderos del Mundo, _c2008. |
||
| 300 |
_axxxix, 520 p. : _bil.,gráf., mapas ; _c24 cm. |
||
| 500 | _aIncluye datos biográficos del autor en la solapa de la cubierta | ||
| 505 | 0 | _aDiplomacia 3 -- Economía y desarrollo 17 -- Globalización 51 -- Energía y medio ambiente 103 -- El mar 147 -- Migración 157 -- Seguridad y terrorismo 187 -- Organización de las Naciones Unidas 203 -- Europa 241 -- Medio Oriente 283 -- El mundo hindú y musulmán 363 -- China 397 -- Latinoamérica 415 -- Haití 453 -- Estados Unidos 479 -- Conflictos 493 | |
| 590 | _6Inventariado, 2022/VM | ||
| 650 | 4 | _aDiplomacia | |
| 650 | 4 | _aPolítica internacional | |
| 650 | 4 | _aRelaciones internacionales | |
| 650 | 4 |
_aGlobalización _x Aspectos económicos. |
|
| 700 | 1 | _aPeña Brito, Arelis | |
| 700 | 1 |
_aRodríguez Cabrer, Miguel, _epról. |
|
| 910 | _aVMateo V./Validado | ||
| 942 |
_2ddc _cBK |
||
| 999 |
_c7553 _d7553 |
||